| 000 | 01334cam a22003857a 4500 | ||
|---|---|---|---|
| 003 | CHAP | ||
| 005 | 20220817043912.0 | ||
| 008 | 030807d1996 it r 00110 spa d | ||
| 010 | _a87521 | ||
| 011 | _a88493 | ||
| 020 | _a9253034769 | ||
| 035 | _a99038 | ||
| 040 | _cCHAP | ||
| 090 | _aFolleto 16642 | ||
| 110 | 2 | _aFAO | |
| 245 | 1 | 3 |
_aEl forraje de árboles y arbustos como alimento para el ganado en los trópicos _c/por O.B. Smith |
| 260 |
_aRoma : _bFAO, _c1996. |
||
| 300 |
_a52 p. : _bilus. |
||
| 490 | 0 |
_aFAO. Serie mejores cultivos _v; 42 |
|
| 590 |
_aBATCH-UPD _b10 _c20130110 _lUCH01 _h1206 |
||
| 590 |
_aBATCH-UPD _b10 _c20130410 _lUCH01 _h0747 |
||
| 590 |
_aCONVERSION _b10 _c20130109 _lUCH01 _h1349 |
||
| 650 | 1 | 4 |
_aAlimentos y alimentacion del ganado. _94326 |
| 650 | 1 | 4 | _aArboles como forraje. |
| 650 | 1 | 4 |
_aArbustos como forraje. _96754 |
| 700 | 0 | _aSmith, O. B. | |
| 830 | 0 | 0 |
_aFAO. Serie mejores cultivos _v; 42 _939693 |
| 901 | _aBK | ||
| 905 | _aAlejandra Carrasco M. | ||
| 942 | _cFOLL | ||
| 949 |
_aFolleto 16642 _bBC _cFAO _d33724002003066 _eFAO1 _i99038 _sb |
||
| 949 |
_aFolleto 16642 _bBC _cFAO _d990382 _eFAO2 _fc.2 _gI.c/e _i99038 _sb _t$64.00 |
||
| 949 |
_aFolleto 16642 _bBC _cFAO _d990383 _eFAO2 _fc.3 _gI.c/e _i99038 _sb _t$64.00 |
||
| 949 |
_aFolleto 16642 _bBC _cFAO _d990384 _eFAO2 _fc.4 _gI.c/e _i99038 _sb _t$64.00 |
||
| 999 |
_c87521 _d87521 |
||